000 00632nam a2200193Ii 4500
003 JO-AjNU
008 230605s9999||||xx |||||||||||||| ||und||
040 _aJO-AjNU
_bara
_erda
_cJO-AjNU
041 _aara
050 1 4 _aQA76.N8792 1988
100 3 _aنصير ، يوسف ؛ تحرير حيدر المومني ,
_eauthor
_919934
245 0 0 _aالحاسوب
264 3 1 _aعمان:الجمعية العلمية الملكية ، 1988
300 _a122ص
336 _atext
_btxt
_2rdacontent
337 _aunmediated
_bn
_2rdamedia
338 _avolume
_bnc
_2rdacarrier
650 4 _aالحاسوب الالكترونية
_919935
999 _aA6667
_c10235
_d10235